00613 2200229 4500001002100000005001700021008004100038020002200079035002400101041000800125043001300133082001000146090002100156100002600177245004700203250001000250260002700260300002200287650003500309850001200344999002700356YOGYA-0711000000073120110714093709.0 ind  a978-979-291-893-9 0010-071100000000731 aInd aYOPD DIY a248.4 aDEP 248.4bSet S aSetiawan, Obaja Tanto aSumeleh Untuk MenangcObaja Tanto Setiawan aCet 1 aYogyakartabAndic2011 aIX, 60 hlmc19 cm aKehidupan Beragama ( Kristen ) aYOPDYOG aCB - D.11 - 2011 - 288